Optimale und adaptive Prozesse in Regelungssystemen. Band 2 : Optimalitätskriterien. Extremaleigenschaften Variationsprobleme /

Gespeichert in:
Bibliographische Detailangaben
1. Verfasser: Kulikowski, R (Verfasst von)
Format: Buch
Sprache:Deutsch
Veröffentlicht: Berlin : VEB Verlag Technik, 1974
Tags: Tag hinzufügen
Keine Tags, Fügen Sie das erste Tag hinzu!

MARC

LEADER 00000nam a22000003a 4500
001 stu38386
005 20150617225726.0
008 921014s1974----gw------------------ger-d
040 |a STU  |b slo 
041 0 |a ger 
044 |a gw 
100 1 |a Kulikowski, R  |4 aut 
245 1 |a Optimale und adaptive Prozesse in Regelungssystemen. Band 2 :  |b Optimalitätskriterien. Extremaleigenschaften Variationsprobleme /  |c [aut.]R. Kulikowski 
260 |a Berlin :  |b VEB Verlag Technik,  |c 1974 
300 |a 151 s 
996 |b 284M047633  |c M*1429/2-1  |l MMKN  |s A  |a 24  |w stu38386_0001